000
00282nam a2200121Ia 4500
008
190216s9999||||xx |||||||||||||| ||und||
100
_a
Ganguli V N
245
0
_a
Indian Economic Thought
260
_b
Nm Thripathi Pvt Ltd
_c
1978
300
_a
253p
650
_a
Commerce
942
_c
BK
999
_c
4245
_d
4245